000 00422nam a22001697a 4500
999 _c1047
_d1047
005 20211007124744.0
008 160518b xxu||||| |||| 00| 0 eng d
020 _a978-81-265-1372-7
041 _aeng
082 _b3045
100 _aBuffa, Elwood S. & Sain, Rakesh K.
_91908
245 _aModern Production Operations Management
260 _bWiley India
300 _a834
650 _aManagement
_9241
942 _cBK